NITROGEN fixing trees : A training guide

Bibliographic Details
Corporate Author: Food and Agriculture Organization of the United Nations (FAO)
Format: Book
Published: Bangkok : Regional Office for Asia and the Pacific , 1987
Series:RAPA pub. ; 1987/15
Subjects:

MARC

LEADER 00000cam a2200000 7i4500
001 0000001283
005 20140419.0
090 0 0 |a FAO634.9   |b NIT 1987 
245 0 0 |a NITROGEN fixing trees :   |b A training guide 
260 0 0 |a Bangkok :   |b Regional Office for Asia and the Pacific ,   |c 1987 
300 |a 172 p. :   |b ill. ;   |c 27 cm. 
440 0 0 |a RAPA pub. ; 1987/15 
650 0 0 |a Agroforestry 
650 0 0 |a Forests and forestry 
650 0 0 |a Nitrogen-fixing trees   |x Handbooks, manuals, etc. 
650 0 0 |a Trees   |x Physiology 
710 1 1 |a Food and Agriculture Organization of the United Nations (FAO) 
998 |a JPSM 
999 |a 0000002233   |b Monograph   |c Food and Agriculture Organization   |e Default branch